| 000 | 01060nam a2200265 c 4500 | ||
|---|---|---|---|
| 003 | BLK | ||
| 005 | 20190913121155.0 | ||
| 008 | 180911b bul|||||r ||||||| ||bul|| | ||
| 010 | _a001884 | ||
| 040 | _aBLK | ||
| 041 | _aBUL | ||
| 080 | _z215 | ||
| 100 | 1 |
_aПАШЕВ, Ганчо _eпърви автор |
|
| 245 | 0 | 0 | _aПравославно-християнско учение за нравствеността ; Нравствено богослужение |
| 246 | _aТ. 1 : Основоположителен ; Ч. 1-2 : За нравствеността изобщо и за християнската нравственост | ||
| 260 |
_aСофия _bПридворна печ. _c1939 |
||
| 300 |
_a610 с _c24 см |
||
| 380 | _a2 | ||
| 490 | _aУниверситетска библ | ||
| 490 |
_aЧастна колекция - Академик Михаил Арнаудов _gДарение - Основен фонд |
||
| 655 | _aРелигии | ||
| 700 | 1 | _aГ. Ст. Пашев | |
| 852 | _aМА 2203 | ||
| 942 |
_cKNG _n0 |
||
| 944 |
_aCR _c1997 _kValK |
||
| 999 |
_c342245 _d342245 |
||